Diccionario interactivo Sciens del tercer milenio (Registro nro. 3719)

Detalles MARC
000 -CABECERA
campo de control de longitud fija 00715nam a2200241 a 4500
001 - NÚMERO DE CONTROL
campo de control Rebiun06480651
003 - IDENTIFICADOR DEL NÚMERO DE CONTROL
campo de control AR-RoIUNI
005 - FECHA Y HORA DE LA ÚLTIMA TRANSACCIÓN
campo de control 20181126163229.0
008 - DATOS DE LONGITUD FIJA--INFORMACIÓN GENERAL
campo de control de longitud fija 000703s2000 sp abd ||e 000 ||spa|
017 ## - NÚMERO DE COPYRIGHT O DE DEPÓSITO LEGAL
Número de copyright o de depósito legal DL B. 7517-2000 (o.c.)
020 ## - NÚMERO INTERNACIONAL ESTÁNDAR DEL LIBRO
Número Internacional Estándar del Libro 8475558615
040 ## - FUENTE DE LA CATALOGACIÓN
Centro/agencia transcriptor AR-RoIUNI
041 0# - CÓDIGO DE LENGUA
Código de lengua del texto/banda sonora o título independiente spa
-- eng
080 ## - NÚMERO DE LA CLASIFICACIÓN DECIMAL UNIVERSAL
Número de la Clasificación Decimal Universal 806.0-3=20
080 ## - NÚMERO DE LA CLASIFICACIÓN DECIMAL UNIVERSAL
Número de la Clasificación Decimal Universal 802.0-3=60
245 00 - MENCIÓN DE TÍTULO
Título Diccionario interactivo Sciens del tercer milenio
260 ## - PUBLICACIÓN, DISTRIBUCIÓN, ETC. (PIE DE IMPRENTA)
Lugar de publicación, distribución, etc. Suipacha, Argentina [etc.] :
Nombre del editor, distribuidor, etc. Arasil,
Fecha de publicación, distribución, etc. DL 2000
300 ## - DESCRIPCIÓN FÍSICA
Extensión 2 vol. :
Otras características físicas il., graafics, map., quadres, taules ;
Dimensiones 27 cm +
Material acompañante/anejo 1 disc optic
505 8# - NOTA DE CONTENIDO CON FORMATO
Nota de contenido con formato Contiene: -- 2. Ingles - espanol
650 07 - PUNTO DE ACCESO ADICIONAL DE MATERIA--TÉRMINO DE MATERIA
Término de materia o nombre geográfico como elemento inicial INGLES
Subdivisión general Diccionario
Fuente del encabezamiento o término lemac
650 07 - PUNTO DE ACCESO ADICIONAL DE MATERIA--TÉRMINO DE MATERIA
Término de materia o nombre geográfico como elemento inicial ESPAÑOL
942 ## - ELEMENTOS DE PUNTO DE ACCESO ADICIONAL (KOHA)
Fuente del sistema de clasificación o colocación Clasificación Decimal Universal
Tipo de ítem Koha Libros
Existencias
Estado de retiro Estado de pérdida Fuente del sistema de clasificación o colocación Estado dañado Excepción de préstamo Código de colección Localización permanente Ubicación/localización actual Ubicación en estantería Fecha de adquisición Fuente de adquisición Número de inventario Total de préstamos Signatura topográfica completa Código de barras Fecha visto por última vez Precio válido a partir de Tipo de ítem Koha Nota pública Fecha del último préstamo
    Clasificación Decimal Universal     Referencia BIBLIOTECA CENTRAL BIBLIOTECA CENTRAL BIBLIOTECA CENTRAL 15/03/2018 Compra 3859   806.0-3=20 DIC 3859c 15/03/2018 15/03/2018 Libros Vol 2  
    Clasificación Decimal Universal     Referencia BIBLIOTECA CENTRAL BIBLIOTECA CENTRAL BIBLIOTECA CENTRAL 11/09/2018 Compra 4107 2 806.0-3=20 DIC 4107c 26/11/2018 11/09/2018 Libros Vol 2 26/11/2018